000 01343nam a22002657a 4500
001 4454
003 FISKH
005 20240910145142.0
008 240910b cb ||||| |||| 00| 0 eng d
020 _a9780340999134
040 _aFISKH
_beng
_cFISKH
_dFISKH
050 _aPZ7.C83535
082 _2823.92
100 _aCowell, Cressida
_d1966-
245 _aHow to train your dragon a hero's guide to deadly dragons /
_cWritten and illustrated by Cressida Cowell
250 _aThis edition published in 2010
260 _aLondon :
_bHodder Children's Books,
_c2007.
300 _a271 pages :
_billustrations ;
_c20 cm
520 _aIt's Hiccup's birthday, but that's not going to keep him from getting into trouble. To save his dragon, Toothless, from being banished, Hiccup must sneak into the Meathead Public Library and steal the Viking's most sacred book. But the Vikings see books as a dangerous influence, and keep them locked up and under heavy guard. To save his friend, Hiccup must brave the Hairy Scary Librarian and his dreadful army of Meathead Warriors and face off against the formidable Driller-Dragons. Will he make it out and live to see his next birthday?
650 _2Fiction
_aDragons
_vVikings
650 _2Adventure
_aChapter book
700 _aCowell, Cressida
_dIllustrator
942 _2ddc
_cBK
_n0
999 _c4454
_d4454